000 00744nam a2200229 i 4500
001 183069
003 ES-MaACL
005 20231226203933.0
008 140114s2013 sp c |||| | spa d
020 _a978-84-941283-2-5
080 _a821.134.2-14"19"
100 1 _aMarín Ibáñez, Luis Angel.
_976791
245 1 0 _aEpistolario /
_cLuís Ángel Marín Ibáñez ; [prólogo de Leopoldo María Panero].
260 _a[Madrid] :
_bIsidora,
_cD.L. 2013.
300 _a79 p. :
_b1 retr. ;
_c21 cm.
490 1 _aPoesía
700 1 _aPanero, Leopoldo María,
_d1948-2014
_988768
830 0 _aPoesía
_9177794
852 _aES-MaACL
_jA-13020
_9190003
_bR.149858
_cDEPO1
_dOlim: N-6020
942 _2udc
_cMONOGRAFIA
999 _c183069
_d183069